00666nam a2200229 a 450000100060000000300080000600500170001400800410003103500190007204000310009104100080012208200250013010000120015524500620016726000390022930000330026850000180030165000220031965000280034174000300036985600370039950466BD-RjUL20211209075519.0160827s1964 enka b 001 0 eng  a(BD-RjUL)50586 aDLC/ICUcICUdBD-RjULbeng aeng00a512.43223bFOI 196410aFox, L.13aAn introduction to numerical linear algebra /cby L. Fox. aOxford :bClarendon Press,cc1964. axi, 295 p. :bill. ;c24 cm. aInclude index 0aAlgebras, Linear. 0aNumerical calculations.0 aNumerical linear algebra. 3Monographs on numerical analysis